Tribhuvan University Central Library

Strengthen your writing. (Record no. 72497)

MARC details
000 -LEADER
fixed length control field 00520 a2200205 4500
041 ## - LANGUAGE CODE
Language code of text/sound track or separate title Eng
082 ## - DEWEY DECIMAL CLASSIFICATION NUMBER
Classification number 372.623
Item number N164s
100 ## - MAIN ENTRY--PERSONAL NAME
Personal name Narayanaswami, V. R.
245 ## - TITLE STATEMENT
Title Strengthen your writing.
250 ## - EDITION STATEMENT
Edition statement 3rd ed.
260 ## - PUBLICATION, DISTRIBUTION, ETC.
Place of publication, distribution, etc. Hyderabad:
Name of publisher, distributor, etc. Orient Blackswan,
Date of publication, distribution, etc. 2005
300 ## - PHYSICAL DESCRIPTION
Extent 218p. illus.
650 ## - SUBJECT ADDED ENTRY--TOPICAL TERM
Topical term or geographic name entry element Elementry education
650 ## - SUBJECT ADDED ENTRY--TOPICAL TERM
Topical term or geographic name entry element Writing skills
650 ## - SUBJECT ADDED ENTRY--TOPICAL TERM
Topical term or geographic name entry element Writing guides
650 ## - SUBJECT ADDED ENTRY--TOPICAL TERM
Topical term or geographic name entry element Communication skills
650 ## - SUBJECT ADDED ENTRY--TOPICAL TERM
Topical term or geographic name entry element Writing instruction
653 ## - INDEX TERM--UNCONTROLLED
Uncontrolled term Primary education
942 ## - ADDED ENTRY ELEMENTS (KOHA)
Source of classification or shelving scheme Dewey Decimal Classification
Koha item type General Collections
Holdings
Withdrawn status Lost status Source of classification or shelving scheme Damaged status Not for loan Home library Current library Shelving location Date acquired Total Checkouts Full call number Barcode Date last seen Date last checked out Price effective from Koha item type Total Renewals
    Dewey Decimal Classification     Tribhuvan University Central Library Tribhuvan University Central Library New Building 05/23/2014 1 372.623 N164s 149133 06/05/2016 05/23/2016 05/23/2014 General Collections  
    Dewey Decimal Classification     Tribhuvan University Central Library Tribhuvan University Central Library New Building 05/23/2014 3 372.623 N164s 149134 11/02/2017 09/14/2017 05/23/2014 General Collections 2